| 000 | 00947cam a2200313 4500 | ||
|---|---|---|---|
| 001 | 2210441 | ||
| 003 | OSt | ||
| 005 | 20180117085950.0 | ||
| 008 | 740826s1974 enk b 001 0 eng | ||
| 010 | _a 74176491 | ||
| 015 | _aGB*** | ||
| 020 | _a0006335713 | ||
| 040 |
_aDLC _cDLC _dDLC |
||
| 043 | _ae-uk--- | ||
| 050 | 0 | 0 |
_aHE8700.4 _b.W54 |
| 082 | 0 | 0 | _a384.55/4 |
| 100 | 1 | _aWilliams, Raymond. | |
| 245 | 1 | 0 |
_aTelevision; _btechnology and cultural form. |
| 260 |
_a[London] _bFontana _c[1974] |
||
| 300 |
_a160 p. _c18 cm. |
||
| 350 | _a£0.45 | ||
| 490 | 0 | _aTechnosphere | |
| 504 | _aBibliography: p. 153-156. | ||
| 650 | 0 | _aTelevision broadcasting. | |
| 650 | 0 |
_aTelevision broadcasting _zGreat Britain. |
|
| 906 |
_a7 _bcbc _corignew _d3 _encip _f19 _gy-gencatlg |
||
| 942 |
_2ddc _cBK |
||
| 999 |
_c2827 _d2827 |
||